000
00326nam a2200133Ia 4500
005
20251222141822.0
008
251222s9999||||xx |||||||||||||| ||spa||
020
_a
978-84-7197-878-3
082
_a
371.5/A93
100
_a
Ayerbe EcheberrÃa, Pello
245
0
_a
Aprender a Convivir:
264
_b
Wolters Kluwer
942
_c
LIB
999
_c
6819
_d
6819